| Tag |
First Indicator |
Second Indicator |
Subfields |
| LEADER |
00000cam a2200000 a 4500 |
| 001 |
in00000078894 |
| 005 |
20151008055139.0 |
| 008 |
691204s1969 nyua b 00110 engm |
| 010 |
|
|
|a 68054411
|
| 035 |
|
|
|a (OCoLC)00046312
|
| 035 |
|
|
|9 AAJ2674AM
|
| 040 |
|
|
|a DLC
|c DLC
|d m.c.
|d TXA
|d UtOrBLW
|
| 043 |
|
|
|a n-us---
|
| 049 |
|
|
|a TXAM
|c [1442464]
|
| 050 |
0 |
0 |
|a UB343
|b .L57
|
| 082 |
0 |
|
|a 355.2/23/0973
|
| 100 |
1 |
|
|a Little, Roger William,
|d 1922-2005.
|
| 245 |
1 |
0 |
|a Selective service and American society /
|c Roger W. Little, editor.
|
| 264 |
|
1 |
|a New York :
|b Russell Sage Foundation,
|c 1969.
|
| 300 |
|
|
|a xvi, 220 pages :
|b illustrations ;
|c 24 cm.
|
| 336 |
|
|
|a text
|b txt
|2 rdacontent
|
| 337 |
|
|
|a unmediated
|b n
|2 rdamedia
|
| 338 |
|
|
|a volume
|b nc
|2 rdacarrier
|
| 500 |
|
|
|a Essays.
|
| 500 |
|
|
|a Includes index.
|
| 504 |
|
|
|a Bibliography: pages 197-214.
|
| 505 |
0 |
|
|a Procurement of manpower: an institutional analysis / R.W. Little -- Historical background of selective service in the United States / H.A. Marmion -- A social profile of local draft board members: the case of Wisconsin / J.W. Davis, Jr., and K.M. Dolbeare -- Decision-making in local boards: a case study / by G.L. Wamsley -- Juvenile delinquency and military service / by M. Roff -- The Negro and the draft / by C.C. Moskos, Jr -- Military service and occupational mobility / by I.G. Katenbrink, Jr -- Conclusion: implications for change / by R.W. Little.
|
| 610 |
1 |
0 |
|a United States.
|b Selective Service System.
|
| 999 |
|
|
|a MARS
|
| 999 |
f |
f |
|s 3a1888c3-48e3-3746-b33c-961acd35e25f
|i 5877be51-a5ec-3a85-899c-e4b49152c2a6
|t 0
|
| 952 |
f |
f |
|p normal
|a Texas A&M University
|b College Station
|c Sterling C. Evans Library
|d Evans: Library Stacks
|t 0
|e UB343 .L57
|h Library of Congress classification
|i unmediated -- volume
|m A14806261106
|
| 998 |
f |
f |
|a UB343 .L57
|t 0
|l Evans: Library Stacks
|